LEADER 03640nam 2200697Ia 450 001 9910454413203321 005 20200520144314.0 010 $a1-283-83579-7 010 $a0-87003-288-7 035 $a(CKB)1000000000729248 035 $a(EBL)1076115 035 $a(OCoLC)830170324 035 $a(SSID)ssj0000352447 035 $a(PQKBManifestationID)11947898 035 $a(PQKBTitleCode)TC0000352447 035 $a(PQKBWorkID)10279756 035 $a(PQKB)10413463 035 $a(MiAaPQ)EBC1076115 035 $a(OCoLC)823345765 035 $a(MdBmJHUP)muse35889 035 $a(Au-PeEL)EBL1076115 035 $a(CaPaEBR)ebr10621671 035 $a(CaONFJC)MIL414829 035 $a(EXLCZ)991000000000729248 100 $a20050504d2005 uy 0 101 0 $aeng 135 $aur|n|---||||| 181 $ctxt 182 $cc 183 $acr 200 10$aDeadly arsenals$b[electronic resource] $enuclear, biological, and chemical threats /$fJoseph Cirincione, Jon B. Wolfsthal, Miriam Rajkumar 205 $a2nd ed. 210 $aWashington, D.C. $cCarnegie Endowment for International Peace$dc2005 215 $a1 online resource (502 p.) 300 $aDescription based upon print version of record. 311 $a0-87003-216-X 320 $aIncludes bibliographical references and index. 327 $aFront Cover; Title Page; Table of Contents; Part 1. Assessments and Weapons; Chapter 1. Global Trends; Chapter 2. The International Nonoproliferation Regime; Chapter 3. Nuclear Weapons and Materials; Chapter 4. Biological and Chemical Weapons, Agents, and Proliferation; Chapter 5. Missile Proliferation; Part 2. Declared Nuclear Weapon Sites; Chapter 6. Russia; Chapter 7. China; Chapter 8. France; Chapter 9. The United Kingdom; Chapter 10. The United States; Part 3. Non-NPT Nuclear Weapon States; Chapter 11. India; Chapter 12. Pakistan; Chapter 13. Israel; Part 4. Two Hard Cases 327 $aChapter 14. North KoreaChapter 15. Iran; Part 5. Nonproliferation Successes; Chapter 16. Libya; Chapter 17. Iraq; Chapter 18. Non-Russian Nuclear Successor States: Belarus, Kazakhstan, and Ukraine; Chapter 19. Argentina; Chapter 20. Brazil; Chapter 21. South Africa; Appendixes; Glossary; Index 330 $aDeadly Arsenals provides the most up-to-date and comprehensive assessment available on global proliferation dangers, with a critical assessment of international enforcement efforts. An invaluable resource for academics, policymakers, students, and the media, this atlas includes strategic and historical analysis; maps, charts, and graphs of the spread of nuclear, chemical, and biological weapons and missile delivery systems; descriptions of the weapons and regimes-and policies to control them; and data on countries that have, want, or have given up weapons of mass destruction. A Choi 606 $aWeapons of mass destruction 606 $aNuclear arms control$xVerification 606 $aChemical arms control$xVerification 606 $aBiological arms control$xVerification 608 $aElectronic books. 615 0$aWeapons of mass destruction. 615 0$aNuclear arms control$xVerification. 615 0$aChemical arms control$xVerification. 615 0$aBiological arms control$xVerification. 676 $a327.1/74 676 $a327.174 700 $aCirincione$b Joseph$01030900 701 $aWolfsthal$b Jon B$01030901 701 $aRajkumar$b Miriam$01030902 801 0$bMiAaPQ 801 1$bMiAaPQ 801 2$bMiAaPQ 906 $aBOOK 912 $a9910454413203321 996 $aDeadly arsenals$92448048 997 $aUNINA LEADER 01310nas 2200397-a 450 001 996336467703316 005 20240413025534.0 035 $a(CKB)991042728753508 035 $a(CONSER)---85930273- 035 $a(EXLCZ)99991042728753508 100 $a19850613a19859999 --- a 101 0 $aeng 181 $ctxt$2rdacontent 182 $cc$2rdamedia 183 $acr$2rdacarrier 200 10$aJournal of European studies 210 $a[Karachi] $cArea Study Centre for Europe, University of Karachi$d1985- 215 $a1 online resource 300 $aRefereed/Peer-reviewed 311 08$aPrint version: Journal of European studies (Karachi, Pakistan) 0258-9680 (DLC) 85930273 (OCoLC)12155036 531 0 $aJ. eur. stud. 606 $aCivilization, Western$vPeriodicals 606 $aCivilization, Western$2fast$3(OCoLC)fst00863138 607 $aEurope$xHistory$vPeriodicals 607 $aEurope$2fast 608 $aHistory.$2fast 608 $aPeriodicals.$2fast 615 0$aCivilization, Western 615 7$aCivilization, Western. 676 $a940/.05 712 02$aUniversity of Karachi.$bArea Study Centre for Europe. 906 $aNEWSPAPER 912 $a996336467703316 920 $aexl_impl conversion 996 $aJournal of European studies$92213486 997 $aUNISA